000 01461nam a2200385Ia 4500
001 ebr10054732
003 CaPaEBR
006 m u
007 cr cn|||||||||
008 990111s2000 enka sb 001 0 eng d
010 _z 99012322
020 _z0203449126
020 _z0415172527 (hb)
020 _z0415172535 (pbk.)
040 _aCaPaEBR
_cCaPaEBR
035 _a(OCoLC)51995436
050 1 4 _aNA2543.W65
_bG46 2000eb
082 0 4 _a720/.82
_221
245 0 0 _aGender space architecture
_h[electronic resource] :
_ban interdisciplinary introduction /
_cedited by Jane Rendell, Barbara Penner, and Iain Borden.
260 _aLondon ;
_aNew York :
_bRoutledge,
_c2000.
300 _axvi, 432 p. :
_bill.
490 1 _aArchitext series
504 _aIncludes bibliographical references (p. 399-423) and index.
533 _aElectronic reproduction.
_bPalo Alto, Calif. :
_cebrary,
_d2009.
_nAvailable via World Wide Web.
_nAccess may be limited to ebrary affiliated libraries.
650 0 _aArchitecture and women.
650 0 _aFeminism and architecture.
650 0 _aSpace (Architecture)
655 7 _aElectronic books.
_2local
700 1 _aRendell, Jane,
_d1967-
700 1 _aPenner, Barbara,
_d1970-
700 1 _aBorden, Iain.
710 2 _aebrary, Inc.
830 0 _aArchitext series.
856 4 0 _uhttp://site.ebrary.com/lib/rucke/Doc?id=10054732
_zAn electronic book accessible through the World Wide Web; click to view
999 _c63575
_d63575